000 00492pab a2200193 454500
008 180718b1979 xxu||||| |||| 00| 0 eng d
100 _aKhandekar, Mandakini
245 _aManpower and training requirements for children's services
260 _c1979
300 _ap.601-612.
362 _aJul-Sep
650 _aManpower
650 _aTraining
650 _aChildren
650 _aChild welfare
773 _aIndian Journal of Public Administration
908 _aN
909 _a88386
999 _c88386
_d88386